[Event "BL 0607 SF Katernberg - SG Köln Porz"]
[Site "?"]
[Date "2007.02.03"]
[Round "8.5"]
[White "Graf, Alexander"]
[Black "Glek, Igor V"]
[Result "1/2-1/2"]
[WhiteElo "2601"]
[BlackElo "2538"]
[PlyCount "42"]
[EventDate "2007.??.??"]

1. d4 e6 2. c4 f5 3. g3 Nf6 4. Bg2 Be7 5. Nf3 O-O 6. O-O d6 7. Nc3 Ne4 8. Qd3
Nxc3 9. bxc3 Nc6 10. Ba3 Qe8 11. Nd2 e5 12. e3 Kh8 13. Rab1 b6 14. f4 e4 15.
Qc2 Ba6 16. Rf2 Na5 17. Bf1 c5 18. d5 h5 19. Be2 g5 20. Rbf1 Qg6 21. Qd1 g4
1/2-1/2

[Event "BL 0607 SF Katernberg - SG Köln Porz"]
[Site "?"]
[Date "2007.02.03"]
[Round "8.6"]
[White "Firman, Nazar"]
[Black "Sakaev, Konstantin"]
[Result "1-0"]
[WhiteElo "2495"]
[BlackElo "2641"]
[PlyCount "77"]
[EventDate "2007.??.??"]

1. e4 c5 2. Nf3 d6 3. d4 cxd4 4. Nxd4 Nf6 5. Nc3 a6 6. Be3 Ng4 7. Bc1 Nf6 8.
Be3 Ng4 9. Bg5 h6 10. Bc1 Nc6 11. Nf5 Nf6 12. Ng3 e6 13. Be2 b5 14. Be3 Bb7 15.
O-O Be7 16. f4 O-O 17. Qd2 Rc8 18. a3 Na5 19. f5 Nc4 20. Bxc4 Rxc4 21. Bxh6
gxh6 22. Qxh6 Ng4 23. Qh3 Ne5 24. fxe6 Bg5 25. exf7+ Rxf7 26. Rxf7 Nxf7 27. Rf1
Qe7 28. Qh5 Rc5 29. Qg6+ Kf8 30. Kh1 Re5 31. Qh7 Qe6 32. Qh8+ Ke7 33. Qb8 Qc8
34. Qa7 Rc5 35. Nd5+ Ke8 36. Nf5 Bxd5 37. exd5 Rc7 38. Ng7+ Kf8 39. Qxc7 1-0

[Event "BL 0607 SF Katernberg - SG Köln Porz"]
[Site "?"]
[Date "2007.02.03"]
[Round "8.7"]
[White "Korneev, Oleg"]
[Black "Souleidis, Georgios"]
[Result "1/2-1/2"]
[WhiteElo "2657"]
[BlackElo "2407"]
[PlyCount "73"]
[EventDate "2007.??.??"]

1. e4 c5 2. Nf3 Nf6 3. e5 Nd5 4. Nc3 e6 5. Nxd5 exd5 6. d4 Nc6 7. c3 d6 8. Bd3
cxd4 9. cxd4 dxe5 10. Nxe5 Bb4+ 11. Bd2 Qa5 12. Nxc6 bxc6 13. a3 Bxd2+ 14. Qxd2
Qxd2+ 15. Kxd2 Ke7 16. Rhc1 Bd7 17. Rc5 a5 18. a4 Rhb8 19. Kc3 Kd6 20. b3 Ra7
21. Re1 g6 22. h4 h5 23. g3 Bg4 24. Rb1 Rba8 25. Re1 Rb8 26. Bc2 Bd7 27. Re5
Bg4 28. Re3 Bd7 29. f3 Be6 30. Re5 Bd7 31. Re3 Be6 32. Re2 Bd7 33. Re1 Raa8 34.
Bd3 Ra7 35. Re2 Rba8 36. Re3 Rb8 37. Bc2 1/2-1/2

[Event "BL 0607 SF Katernberg - SG Köln Porz"]
[Site "?"]
[Date "2007.02.03"]
[Round "8.8"]
[White "Scholz, Christian"]
[Black "Andersson, Ulf"]
[Result "1/2-1/2"]
[WhiteElo "2382"]
[BlackElo "2542"]
[PlyCount "51"]
[EventDate "2007.??.??"]

1. d4 Nf6 2. c4 e6 3. Nc3 d5 4. cxd5 exd5 5. Bg5 c6 6. e3 Bf5 7. Qf3 Be6 8.
Bxf6 Qxf6 9. Qxf6 gxf6 10. Bd3 Nd7 11. Nge2 Nb6 12. Ng3 Nc8 13. f3 Nd6 14. e4
dxe4 15. fxe4 O-O-O 16. d5 Bd7 17. O-O Be7 18. Nh5 Ne8 19. h3 Bc5+ 20. Kh1 Bd4
21. Rac1 Kb8 22. b4 Rg8 23. g4 Rg5 24. b5 cxd5 25. Nxd5 Be6 26. Nhf4 1/2-1/2

[Event "BL 0607 SV Mülheim Nord - SC Remagen"]
[Site "?"]
[Date "2007.02.03"]
[Round "8.1"]
[White "Fedorchuk, Sergey"]
[Black "Tregubov, Pavel V"]
[Result "1-0"]
[WhiteElo "2599"]
[BlackElo "2596"]
[PlyCount "31"]
[EventDate "2007.??.??"]

1. e4 c5 2. Nf3 Nc6 3. Bb5 d6 4. O-O Bd7 5. Re1 Nf6 6. h3 g6 7. c3 Ne5 8. Be2
Nxe4 9. d4 cxd4 10. cxd4 Nxf3+ 11. Bxf3 d5 12. Nc3 Nxc3 13. bxc3 Be6 14. Rb1 b6
15. c4 dxc4 16. Bc6+ 1-0

[Event "BL 0607 SV Mülheim Nord - SC Remagen"]
[Site "?"]
[Date "2007.02.03"]
[Round "8.2"]
[White "Landa, Konstantin"]
[Black "Bauer, Christian"]
[Result "1/2-1/2"]
[WhiteElo "2570"]
[BlackElo "2589"]
[PlyCount "114"]
[EventDate "2007.??.??"]

1. e4 d5 2. exd5 Qxd5 3. Nc3 Qa5 4. d4 Nf6 5. Nf3 c6 6. Bc4 Bf5 7. Bd2 e6 8.
Nd5 Qd8 9. Nxf6+ Qxf6 10. Qe2 Bg4 11. O-O-O Be7 12. h4 Qf5 13. Qe3 Nd7 14. Be2
O-O-O 15. Ng5 Bxg5 16. hxg5 Bxe2 17. Qxe2 Nb6 18. Qe5 Qxe5 19. dxe5 Rd4 20. b3
Nd7 21. Rde1 b5 22. Be3 Rd5 23. f4 c5 24. Rh3 b4 25. Reh1 Nf8 26. Kb2 Kb7 27.
a3 Rg8 28. c4 bxc3+ 29. Kxc3 h6 30. gxh6 gxh6 31. R1h2 Ng6 32. Rxh6 Rgd8 33.
R2h3 Rd3+ 34. Kb2 Kc6 35. Bc1 Rd1 36. Rc3 Ne7 37. Rh7 Nd5 38. Rc2 Rd7 39. b4
Nb6 40. Rxc5+ Kb7 41. Kb3 f5 42. Rh6 Re7 43. Rg6 Nd5 44. Rc4 Nb6 45. Rc2 Nd5
46. Bd2 Rb1+ 47. Ka2 Rf1 48. g3 Rf2 49. Kb2 a6 50. Be1 Rf3 51. Bf2 Nc7 52. Bc5
Rd7 53. a4 Rh7 54. Rd2 Rh3 55. Rg2 Rh7 56. a5 Kc6 57. Bd6 Nd5 1/2-1/2

[Event "BL 0607 SV Mülheim Nord - SC Remagen"]
[Site "?"]
[Date "2007.02.03"]
[Round "8.3"]
[White "Goloshchapov, Alexander"]
[Black "Golod, Vitali"]
[Result "1-0"]
[WhiteElo "2552"]
[BlackElo "2582"]
[PlyCount "85"]
[EventDate "2007.??.??"]

1. d4 Nf6 2. c4 e6 3. Nf3 d5 4. Nc3 c5 5. cxd5 Nxd5 6. g3 cxd4 7. Nxd5 Qxd5 8.
Qxd4 Qb5 9. e4 Qb4+ 10. Bd2 Nc6 11. Qxb4 Bxb4 12. Rc1 Bxd2+ 13. Kxd2 Ke7 14.
Bb5 Bd7 15. Rc5 a6 16. Bxc6 Bxc6 17. Ke3 Rhc8 18. Rhc1 Bd7 19. Rc7 Kd8 20.
Rxc8+ Rxc8 21. Rxc8+ Bxc8 22. Kd4 f6 23. Nd2 b6 24. Nc4 Kc7 25. e5 Bd7 26. g4
Bc6 27. Nd6 Kd7 28. f4 Bd5 29. a3 h6 30. Ne4 Ke7 31. h4 fxe5+ 32. Kxe5 Bxe4 33.
Kxe4 Kf6 34. h5 g5 35. hxg6 Kxg6 36. Ke5 Kf7 37. Kd6 b5 38. b4 Kf6 39. g5+ hxg5
40. fxg5+ Kxg5 41. Kxe6 Kf4 42. Kd5 Ke3 43. Kc5 1-0

[Event "BL 0607 SV Mülheim Nord - SC Remagen"]
[Site "?"]
[Date "2007.02.03"]
[Round "8.5"]
[White "Popovic, Petar"]
[Black "Levin, Felix"]
[Result "1/2-1/2"]
[WhiteElo "2483"]
[BlackElo "2513"]
[PlyCount "49"]
[EventDate "2007.??.??"]

1. e4 c6 2. d4 d5 3. Nd2 dxe4 4. Nxe4 Bf5 5. Ng3 Bg6 6. h4 h6 7. Nf3 Nd7 8. h5
Bh7 9. Bd3 Bxd3 10. Qxd3 e6 11. Bf4 Qa5+ 12. Bd2 Bb4 13. c3 Be7 14. c4 Qc7 15.
d5 cxd5 16. cxd5 Qd6 17. Qb3 Ngf6 18. dxe6 Qxe6+ 19. Qxe6 fxe6 20. Bc3 O-O 21.
Rd1 Nd5 22. O-O Bf6 23. Bd4 Rfd8 24. Rfe1 Nf8 25. Ne4 1/2-1/2

[Event "BL 0607 SV Mülheim Nord - SC Remagen"]
[Site "?"]
[Date "2007.02.03"]
[Round "8.6"]
[White "Saltaev, Mihail"]
[Black "Bindrich, Falko"]
[Result "1/2-1/2"]
[WhiteElo "2512"]
[BlackElo "2482"]
[PlyCount "45"]
[EventDate "2007.??.??"]

1. e4 e5 2. Nf3 Nc6 3. Bb5 Nf6 4. d3 d6 5. Nc3 Bd7 6. a3 g6 7. h3 Bg7 8. Be3
O-O 9. Qd2 Qe8 10. Bc4 Rd8 11. O-O Be6 12. Rfe1 Na5 13. Ba2 Bxa2 14. Rxa2 Nc6
15. Bg5 Rc8 16. Raa1 Qd7 17. Bh6 Nh5 18. Bxg7 Nxg7 19. d4 f6 20. Rad1 Rce8 21.
Nd5 Nd8 22. Qc3 Nde6 23. Ne3 1/2-1/2

[Event "BL 0607 SV Mülheim Nord - SC Remagen"]
[Site "?"]
[Date "2007.02.03"]
[Round "8.7"]
[White "Grund, Holger"]
[Black "Hausrath, Daniel"]
[Result "1-0"]
[WhiteElo "2432"]
[BlackElo "2529"]
[PlyCount "95"]
[EventDate "2007.??.??"]

1. e4 c5 2. Nf3 Nc6 3. Bb5 Nf6 4. Nc3 Qc7 5. O-O Nd4 6. Re1 Ng4 7. g3 Nxf3+ 8.
Qxf3 Ne5 9. Qe3 e6 10. b3 a6 11. Bf1 g5 12. Bg2 g4 13. Bb2 d6 14. d4 cxd4 15.
Qxd4 Bd7 16. Rad1 Rd8 17. Ne2 h5 18. c4 f6 19. Nf4 h4 20. gxh4 Rxh4 21. Qe3 Bh6
22. Qg3 Bg5 23. Nd3 Nf3+ 24. Bxf3 gxf3 25. e5 Kf7 26. exd6 Qc6 27. Re5 Rg8 28.
Rxg5 Rxg5 29. Ne5+ Rxe5 30. Qxh4 Rg5+ 31. Kf1 e5 32. Bc1 Rg4 33. Qh5+ Kg8 34.
Rd5 b5 35. h3 Rg7 36. Bh6 bxc4 37. Bxg7 Kxg7 38. Qxf3 c3 39. Rd3 Qb5 40. Kg1 c2
41. Rc3 Qb4 42. Rxc2 Qxd6 43. Rc3 Be6 44. Qg3+ Kf7 45. Qd3 Bd5 46. Qh7+ Ke6 47.
Rc8 Bf3 48. Re8+ 1-0

[Event "BL 0607 SV Mülheim Nord - SC Remagen"]
[Site "?"]
[Date "2007.02.03"]
[Round "8.8"]
[White "Kern, Guido"]
[Black "Schulz, Klaus-Juergen"]
[Result "1/2-1/2"]
[WhiteElo "2352"]
[BlackElo "2393"]
[PlyCount "74"]
[EventDate "2007.??.??"]

1. c4 c5 2. Nf3 Nc6 3. d4 cxd4 4. Nxd4 Nf6 5. Nc3 g6 6. e4 Bg7 7. Be3 O-O 8.
Be2 d6 9. O-O Bd7 10. Nc2 a6 11. f3 Rc8 12. Qd2 Ne5 13. Na3 Be6 14. Nd5 Bxd5
15. exd5 Ned7 16. Rac1 Re8 17. Rfe1 Qc7 18. Bf1 e6 19. dxe6 Rxe6 20. Bf2 Rce8
21. Rxe6 Rxe6 22. Nc2 Nh5 23. b3 Ne5 24. Nb4 g5 25. Nd5 Qd8 26. Bd3 Nxd3 27.
Qxd3 Nf4 28. Nxf4 gxf4 29. Re1 Rxe1+ 30. Bxe1 Qe7 31. Qe4 Qe5 32. Kf1 Qa1 33.
Qe8+ Bf8 34. Qd7 Qd4 35. Qg4+ Bg7 36. Qc8+ Bf8 37. Qg4+ Bg7 1/2-1/2

[Event "BL 0607 TV Tegernsee - OSC Baden Baden"]
[Site "?"]
[Date "2007.02.03"]
[Round "8.1"]
[White "Svidler, Peter"]
[Black "Bu, Xiangzhi"]
[Result "1-0"]
[WhiteElo "2750"]
[BlackElo "2671"]
[PlyCount "93"]
[EventDate "2007.??.??"]

1. e4 c5 2. Nf3 d6 3. d4 cxd4 4. Nxd4 Nf6 5. Nc3 a6 6. Be3 e5 7. Nb3 Be7 8. f3
Be6 9. Qd2 O-O 10. O-O-O a5 11. Qe1 Qc8 12. a4 Na6 13. Kb1 Nc7 14. g4 Rd8 15.
Bb6 Nd7 16. Be3 Nf6 17. Bb6 Nd7 18. Bf2 b6 19. Bd3 Qb7 20. Qe2 Nc5 21. Nxc5
bxc5 22. Nb5 Rdb8 23. c4 Bd7 24. h4 Ne6 25. g5 Rf8 26. Be3 Nd4 27. Bxd4 cxd4
28. f4 f5 29. Rhe1 Rac8 30. fxe5 Bxb5 31. cxb5 f4 32. exd6 Bxd6 33. e5 f3 34.
Qe4 Qxe4 35. Rxe4 Bc5 36. e6 f2 37. e7 Rfe8 38. Rc1 Kf7 39. b6 Bxe7 40. Rf1 Bd6
41. Rxf2+ Kg8 42. b7 Rb8 43. Rxe8+ Rxe8 44. Rf5 Rb8 45. Be4 Bb4 46. Kc2 g6 47.
Rb5 1-0

[Event "BL 0607 TV Tegernsee - OSC Baden Baden"]
[Site "?"]
[Date "2007.02.03"]
[Round "8.3"]
[White "Bacrot, Etienne"]
[Black "Khenkin, Igor"]
[Result "1-0"]
[WhiteElo "2705"]
[BlackElo "2620"]
[PlyCount "115"]
[EventDate "2007.??.??"]

1. d4 d5 2. c4 dxc4 3. Nf3 a6 4. e3 b5 5. a4 Bb7 6. b3 e6 7. bxc4 bxc4 8. Bxc4
Nf6 9. O-O c5 10. Ba3 Nbd7 11. Nbd2 Be7 12. Qe2 cxd4 13. Bxe7 Qxe7 14. Nxd4 O-O
15. N4f3 Nc5 16. Rfc1 Rfd8 17. Nb3 Nxb3 18. Bxb3 Ne4 19. Bc4 Nc5 20. Nd4 Qg5
21. f4 Qg6 22. a5 Be4 23. Ra3 Rab8 24. Qf2 Rdc8 25. Bf1 e5 26. Rac3 exd4 27.
exd4 Qf6 28. Rxc5 Rd8 29. Qe3 Qxd4 30. Qxd4 Rxd4 31. Rc8+ Rd8 32. Bxa6 Kf8 33.
Rxb8 Rxb8 34. Rc8+ Rxc8 35. Bxc8 Ke7 36. Kf2 Kd6 37. Ba6 Kc5 38. Be2 h6 39. g4
f6 40. Ke3 Bc2 41. a6 Kb6 42. Kd4 Bb3 43. h4 Be6 44. h5 Bb3 45. f5 Bf7 46. a7
Kxa7 47. Kc5 Bb3 48. Kd6 Kb6 49. Ke7 Kc5 50. Kf8 Kd6 51. Kxg7 Ke7 52. Kxh6 Kf7
53. Kh7 Bd5 54. h6 Bb3 55. Bb5 Bd1 56. Bc4+ Kf8 57. Kg6 Bxg4 58. Kxf6 1-0

[Event "BL 0607 TV Tegernsee - OSC Baden Baden"]
[Site "?"]
[Date "2007.02.03"]
[Round "8.7"]
[White "Dautov, Rustem"]
[Black "Kindermann, Stefan"]
[Result "1/2-1/2"]
[WhiteElo "2577"]
[BlackElo "2532"]
[PlyCount "116"]
[EventDate "2007.??.??"]

1. d4 f5 2. g3 Nf6 3. Nf3 g6 4. c4 Bg7 5. b4 d6 6. Bb2 e5 7. dxe5 Nfd7 8. Nc3
dxe5 9. e4 O-O 10. Bg2 c6 11. O-O Qe7 12. c5 a5 13. b5 Nf6 14. Qd6 Qxd6 15.
cxd6 Nxe4 16. Nxe4 fxe4 17. Ng5 h6 18. Nxe4 cxb5 19. Nc5 Ra7 20. Rac1 b6 21.
Bd5+ Kh7 22. Ne6 Bxe6 23. Bxe6 Na6 24. Rc6 Rd8 25. Bh3 e4 26. Bxg7 Rxg7 27.
Rxb6 Nb4 28. d7 Nxa2 29. Rxb5 Nc3 30. Rxa5 Ne2+ 31. Kg2 Nd4 32. Re5 Nf5 33. Rd1
Rf7 34. Rdd5 Kg7 35. Bxf5 gxf5 36. Rxf5 Rxf5 37. Rxf5 Rxd7 38. Rf4 Re7 39. Kf1
e3 40. f3 e2+ 41. Ke1 Re3 42. Rg4+ Kf6 43. Rf4+ Kg6 44. Rf8 h5 45. f4 h4 46. g4
h3 47. Rh8 Re4 48. f5+ Kg5 49. Rg8+ Kf6 50. Rg6+ Kf7 51. Rg5 Kf6 52. Rg8 Kf7
53. Rg6 Kf8 54. g5 Re5 55. f6 Kf7 56. Rg7+ Kf8 57. g6 Re6 58. Rf7+ Kg8 1/2-1/2

[Event "BL 0607 TV Tegernsee - OSC Baden Baden"]
[Site "?"]
[Date "2007.02.03"]
[Round "8.8"]
[White "Teske, Henrik"]
[Black "Schlosser, Philipp"]
[Result "1/2-1/2"]
[WhiteElo "2514"]
[BlackElo "2554"]
[PlyCount "23"]
[EventDate "2007.??.??"]

1. d4 d5 2. c4 dxc4 3. e3 Nf6 4. Bxc4 e6 5. Nf3 c5 6. O-O a6 7. dxc5 Bxc5 8.
Qxd8+ Kxd8 9. Ne5 Ke7 10. Be2 Rd8 11. Nd2 Bd6 12. Ndc4 1/2-1/2

[Event "BL 0607 SC Eppingen - SC Bann"]
[Site "?"]
[Date "2007.02.03"]
[Round "8.3"]
[White "Jirovsky, Milos"]
[Black "Postny, Evgeny"]
[Result "0-1"]
[WhiteElo "2492"]
[BlackElo "2609"]
[PlyCount "80"]
[EventDate "2007.??.??"]

1. c4 Nf6 2. Nf3 e6 3. g3 d5 4. Bg2 c6 5. Qc2 dxc4 6. Qxc4 b5 7. Qc2 Bb7 8. a4
b4 9. d4 Nbd7 10. Ne5 Nxe5 11. dxe5 Nd7 12. a5 Rc8 13. f4 Qc7 14. a6 Ba8 15.
Be3 Be7 16. Nd2 c5 17. Bxa8 Rxa8 18. O-O O-O 19. Qe4 Rab8 20. Nc4 Nb6 21. Rfc1
Rfc8 22. Rc2 Nd5 23. Bd2 Qd7 24. Qd3 Rd8 25. Qf3 Rb5 26. Be1 Qc8 27. Rd2 Rb8
28. Bf2 h6 29. h4 Qc6 30. g4 Qb5 31. b3 Nc3 32. Rxd8+ Rxd8 33. g5 hxg5 34. hxg5
Qd7 35. Na5 Rc8 36. Kf1 Qd5 37. Nc4 Rd8 38. Qh3 Qe4 39. Qh2 Qxe2+ 40. Kg1 Rd1+
0-1

[Event "BL 0607 SC Eppingen - SC Bann"]
[Site "?"]
[Date "2007.02.03"]
[Round "8.4"]
[White "Acs, Peter"]
[Black "Slobodjan, Roman"]
[Result "1/2-1/2"]
[WhiteElo "2522"]
[BlackElo "2525"]
[PlyCount "77"]
[EventDate "2007.??.??"]

1. e4 e5 2. Nf3 Nc6 3. Bb5 Nf6 4. O-O Nxe4 5. d4 Nd6 6. Bxc6 dxc6 7. dxe5 Nf5
8. Qxd8+ Kxd8 9. Nc3 Bd7 10. Rd1 Kc8 11. Ng5 Be8 12. b3 b6 13. Bb2 Be7 14. Nge4
Kb7 15. h3 h5 16. g3 Rd8 17. Rxd8 Bxd8 18. Rd1 Kc8 19. f3 Ne3 20. Rd2 Bd7 21.
h4 Re8 22. Kf2 Nf5 23. Ne2 g6 24. Nf4 Be7 25. Rd3 Ng7 26. Nf6 Bxf6 27. exf6 Ne6
28. Ng2 c5 29. Ne3 Bc6 30. Rd2 Nf8 31. g4 hxg4 32. Nxg4 Bd7 33. Ne5 Be6 34. Nc6
Nd7 35. Nxa7+ Kb7 36. Nb5 Rh8 37. Kg3 Rh5 38. c4 Rf5 39. Re2 1/2-1/2

[Event "BL 0607 SC Eppingen - SC Bann"]
[Site "?"]
[Date "2007.02.03"]
[Round "8.5"]
[White "Muraniy, Karl-Jasmin"]
[Black "Braun, Arik"]
[Result "1/2-1/2"]
[WhiteElo "2357"]
[BlackElo "2525"]
[PlyCount "95"]
[EventDate "2007.??.??"]

1. e4 e6 2. d4 d5 3. Nd2 c5 4. exd5 Qxd5 5. dxc5 Bxc5 6. Qf3 Nf6 7. Qxd5 Nxd5
8. a3 O-O 9. Ngf3 a5 10. Bc4 a4 11. Ne4 Be7 12. Bd2 Rd8 13. O-O-O b6 14. Nc3
Nxc3 15. Bxc3 Bb7 16. Rxd8+ Bxd8 17. Rd1 Na6 18. Ne5 Nc5 19. g3 Bc7 20. f4 Rc8
21. Bb5 h5 22. Nd7 Ba6 23. Bxa6 Nxa6 24. Rd3 b5 25. Be5 Bxe5 26. Nxe5 f6 27.
Nf3 Rc5 28. Rd8+ Kf7 29. Rd7+ Kg6 30. c3 Nc7 31. Re7 Kh6 32. Nd4 e5 33. fxe5
fxe5 34. Nf3 Kg6 35. Nxe5+ Kf6 36. Nd7+ Kxe7 37. Nxc5 Kd6 38. Nd3 g5 39. b3
axb3 40. Kb2 Kd5 41. h4 gxh4 42. gxh4 Ke4 43. Nc5+ Kf4 44. Kxb3 Kg4 45. Ne4 Na6
46. c4 bxc4+ 47. Kxc4 Kxh4 48. Nf6 1/2-1/2

[Event "BL 0607 SC Eppingen - SC Bann"]
[Site "?"]
[Date "2007.02.03"]
[Round "8.6"]
[White "Meier, Georg"]
[Black "Lazarev, Vladimir"]
[Result "1/2-1/2"]
[WhiteElo "2484"]
[BlackElo "2522"]
[PlyCount "38"]
[EventDate "2007.??.??"]

1. e4 c5 2. Nf3 Nc6 3. Bb5 g6 4. O-O Bg7 5. c3 Nf6 6. Re1 O-O 7. h3 e5 8. d3 d6
9. Be3 h6 10. Nbd2 Bd7 11. Ba4 Re8 12. a3 b6 13. Bb3 Be6 14. d4 Bxb3 15. Qxb3
cxd4 16. cxd4 d5 17. dxe5 Nxe4 18. Rad1 Nxd2 19. Rxd2 Nxe5 1/2-1/2

[Event "BL 0607 SC Eppingen - SC Bann"]
[Site "?"]
[Date "2007.02.03"]
[Round "8.8"]
[White "Mann, Christian"]
[Black "Dolezal, Radoslav"]
[Result "1/2-1/2"]
[WhiteElo "2457"]
[BlackElo "2422"]
[PlyCount "107"]
[EventDate "2007.??.??"]

1. g3 c5 2. Bg2 Nc6 3. Nf3 g6 4. c4 Bg7 5. Nc3 e6 6. O-O Nge7 7. e3 O-O 8. d4
cxd4 9. Nxd4 Nxd4 10. exd4 d5 11. cxd5 Nxd5 12. Qb3 Bxd4 13. Bh6 Bg7 14. Bxg7
Kxg7 15. Rfd1 Qb6 16. Bxd5 exd5 17. Qxb6 axb6 18. Rxd5 Bg4 19. Rd6 Rfd8 20.
Rxb6 Bf3 21. h3 Ra5 22. Re1 Rd2 23. a4 Rc2 24. Rb4 Re5 25. Rf1 Rf5 26. Nb5 Rf6
27. Nd4 Rc7 28. Nxf3 Rxf3 29. Kg2 Rf6 30. f4 Rfc6 31. Rf3 Rc2+ 32. Rf2 R2c4 33.
Rxc4 Rxc4 34. Rf3 Rc2+ 35. Rf2 Rc4 36. b3 Rc3 37. Rf3 Rc2+ 38. Kf1 Rb2 39. Ke1
Kf6 40. Re3 h5 41. a5 Rh2 42. g4 Rb2 43. Kd1 h4 44. Kc1 Rf2 45. g5+ Kg7 46. Re7
Rf3 47. Rxb7 Rxh3 48. a6 Rh1+ 49. Kb2 Rh2+ 50. Ka3 Rh1 51. a7 h3 52. Kb2 Rh2+
53. Ka3 Rh1 54. Kb2 1/2-1/2

[Event "BL 0607 Werder Bremen - SK König-Tegel"]
[Site "?"]
[Date "2007.02.04"]
[Round "9.2"]
[White "Efimenko, Zahar"]
[Black "Stern, Rene"]
[Result "1-0"]
[WhiteElo "2612"]
[BlackElo "2476"]
[PlyCount "119"]
[EventDate "2007.??.??"]

1. e4 e5 2. Nf3 Nc6 3. Bb5 a6 4. Ba4 Nf6 5. d3 d6 6. c3 g6 7. Nbd2 Bg7 8. Nf1
O-O 9. Bg5 h6 10. Bh4 Nb8 11. Ne3 Nbd7 12. O-O c6 13. Bc2 Re8 14. a4 a5 15. Nd2
Qb6 16. Ndc4 Qc7 17. Qf3 Nh7 18. Rad1 Ndf8 {(=)} 19. d4 exd4 20. cxd4 Ne6 21.
e5 dxe5 22. dxe5 Bxe5 23. Nxe5 Qxe5 24. Nc4 Qf4 25. Nd6 Qxf3 26. gxf3 Rf8 27.
Be7 Nhg5 28. Be4 Nc5 29. Nxc8 Ncxe4 30. Bxf8 Nxf3+ 31. Kg2 Nh4+ 32. Kh3 Rxc8
33. Bxh6 Nf5 34. Bf4 Nc5 35. Be5 Nxa4 36. Ra1 b5 37. f4 Nb6 38. Rxa5 Nc4 39.
Ra6 Re8 40. Rfa1 Nxe5 41. Ra8 Kf8 42. Rxe8+ Kxe8 43. fxe5 Ne3 44. b3 Kd7 45.
Kg3 c5 46. Kf4 Nd5+ 47. Ke4 Nc3+ 48. Kd3 Nd5 49. Rc1 Kc6 50. Rf1 c4+ 51. bxc4
bxc4+ 52. Kd4 c3 53. Rc1 f6 54. exf6 Nxf6 55. Rxc3+ Kd6 56. Rg3 Ke6 57. Rxg6
Kf5 58. Rg1 Ng4 59. h3 Nf6 60. h4 1-0

[Event "BL 0607 Werder Bremen - SK König-Tegel"]
[Site "?"]
[Date "2007.02.04"]
[Round "9.3"]
[White "Muse, Mladen"]
[Black "Areshchenko, Alexander"]
[Result "0-1"]
[WhiteElo "2443"]
[BlackElo "2640"]
[PlyCount "144"]
[EventDate "2007.??.??"]

1. Nf3 Nf6 2. c4 g6 3. Nc3 d5 4. cxd5 Nxd5 5. Qa4+ Bd7 6. Qb3 Nb6 7. h4 Be6 8.
Qd1 h6 9. d3 Bg7 10. Bf4 Nc6 11. g3 Bg4 12. Bg2 e5 13. Be3 Nd4 14. Bxd4 exd4
15. Na4 O-O 16. O-O Re8 17. Re1 c6 18. Nc5 Re7 19. Rc1 Qd6 20. Nd2 Rae8 21. Bf3
Bxf3 22. Nxf3 f5 23. Qb3+ Kh7 24. Kg2 Qd5 25. Qxd5 Nxd5 26. Kf1 b6 27. Na6 c5
28. a3 Bf6 29. Rc4 g5 30. hxg5 hxg5 31. b4 g4 32. Nd2 Bg5 33. Nb3 f4 34. gxf4
Nxf4 35. bxc5 Nxe2 36. Rxe2 Rxe2 37. Nxd4 Ra2 38. Nc2 bxc5 39. Rxc5 Be7 40. Rc7
Kg6 41. Rc6+ Kh5 42. Nab4 Bxb4 43. axb4 Kh4 44. Rh6+ Kg5 45. Rc6 Rb2 46. Rc7 a6
47. Rc5+ Kh4 48. Rc7 Re6 49. Rh7+ Kg5 50. Rg7+ Kf6 51. Rc7 Ke5 52. Rc4 Kd6 53.
Ne3 g3 54. Nf5+ Kd7 55. Nxg3 Rb6 56. Rd4+ Kc6 57. Rc4+ Kd5 58. Nf5 R2xb4 59.
Ne3+ Kd6 60. Rc8 Kd7 61. Rg8 Rb8 62. Rg7+ Kc6 63. Rg6+ Kb5 64. Nc4 Ra4 65. Ne3
a5 66. Rg7 Ra2 67. Rg5+ Kb4 68. Nd5+ Kb3 69. Rg7 a4 70. Rc7 Rc2 71. Ra7 a3 72.
Ne3 Rc1+ 0-1

[Event "BL 0607 Werder Bremen - SK König-Tegel"]
[Site "?"]
[Date "2007.02.04"]
[Round "9.4"]
[White "Hracek, Zbynek"]
[Black "Muse, Drazen"]
[Result "1-0"]
[WhiteElo "2614"]
[BlackElo "2412"]
[PlyCount "77"]
[EventDate "2007.??.??"]

1. e4 d5 2. exd5 Nf6 3. Nf3 Nxd5 4. d4 g6 5. c4 Nb6 6. Nc3 Bg7 7. c5 Nd5 8. Bc4
e6 9. O-O O-O 10. Re1 b6 11. Bg5 f6 12. Bh4 Nc6 13. Qa4 Nce7 14. Nxd5 Nxd5 15.
b4 a6 16. Qb3 b5 17. Bxd5 Qxd5 {(=)} 18. Qxd5 exd5 19. Bg3 c6 20. Bd6 Rd8 21.
a4 Bf5 22. Re3 Bh6 23. Rea3 bxa4 24. Rxa4 Bd3 25. Be7 Kf7 26. Bxd8 Rxd8 27.
Rxa6 Bxa6 28. Rxa6 Rc8 29. Ra7+ Kg8 30. Kf1 Rb8 31. Ra4 Kf7 32. Ke2 g5 33. h3
Bg7 34. Kd3 h5 35. Ne1 g4 36. hxg4 hxg4 37. Nc2 Bh6 38. Ra7+ Kg6 39. Rc7 1-0

[Event "BL 0607 Werder Bremen - SK König-Tegel"]
[Site "?"]
[Date "2007.02.04"]
[Round "9.5"]
[White "Tomczak, Rainer"]
[Black "Pelletier, Yannick"]
[Result "1/2-1/2"]
[WhiteElo "2323"]
[BlackElo "2588"]
[PlyCount "73"]
[EventDate "2007.??.??"]

1. d4 Nf6 2. c4 e6 3. Nf3 d5 4. e3 Nbd7 5. Nc3 c6 6. Bd3 dxc4 7. Bxc4 b5 8. Bd3
Bd6 9. O-O O-O 10. e4 e5 11. Bg5 Re8 12. d5 cxd5 13. Nxd5 a6 14. Nh4 h6 15. Nf5
Bf8 16. Bxf6 Nxf6 17. Nfe3 Bb7 18. a4 b4 19. Rc1 Bxd5 20. Nxd5 Nxd5 21. exd5 e4
22. Be2 Re5 23. Qd4 Qxd5 24. Qxd5 Rxd5 25. Rfd1 Rf5 26. Rd4 Re8 27. g4 Bc5 28.
gxf5 Bxd4 29. Rc4 Bxb2 30. Rxb4 Ba3 31. Rb3 Bc5 32. Bxa6 Ra8 33. Bb5 Rd8 34.
Bc6 Rd2 35. Bxe4 Rxf2 36. Kh1 Bd6 37. h3 1/2-1/2

[Event "BL 0607 Werder Bremen - SK König-Tegel"]
[Site "?"]
[Date "2007.02.04"]
[Round "9.6"]
[White "Babula, Vlastimil"]
[Black "Von Herman, Ulf"]
[Result "1-0"]
[WhiteElo "2584"]
[BlackElo "2364"]
[PlyCount "65"]
[EventDate "2007.??.??"]

1. d4 d5 2. c4 c6 3. Nf3 Nf6 4. Nc3 a6 5. c5 Bf5 6. Bf4 Nbd7 7. e3 e6 8. Nd2
Qc8 9. Be2 Be7 10. g4 Bg6 11. g5 Ng8 12. h4 e5 13. Bh2 h6 14. h5 Bf5 15. gxh6
Nxh6 16. Rg1 Bf6 17. dxe5 Nxe5 18. e4 Be6 19. Na4 Qd8 20. Nb6 Rb8 21. Qc2 d4
22. Bxe5 Bxe5 23. O-O-O Qf6 24. Nbc4 Bf4 25. Kb1 O-O 26. Nf3 Rfd8 27. e5 Qe7
28. Nd6 Bd5 29. Rxd4 Bxe5 30. Ng5 f5 31. Rxd5 cxd5 32. Nxf5 Qf6 33. Nh4 1-0

[Event "BL 0607 Werder Bremen - SK König-Tegel"]
[Site "?"]
[Date "2007.02.04"]
[Round "9.8"]
[White "Knaak, Rainer"]
[Black "Pachow, Joerg"]
[Result "1-0"]
[WhiteElo "2486"]
[BlackElo "2290"]
[PlyCount "41"]
[EventDate "2007.??.??"]

1. d4 Nf6 2. c4 e5 3. dxe5 Ne4 4. a3 Nc6 5. e3 d6 6. Qc2 d5 7. Nf3 Be6 8. Be2
g5 9. cxd5 Bxd5 10. O-O g4 11. Nfd2 Ng5 12. Rd1 Nxe5 13. Nf1 Ngf3+ 14. Kh1 c6
15. e4 Bd6 16. exd5 Qh4 17. Bf4 Qxf2 18. Be3 Qh4 19. dxc6 Nxh2 20. g3 Qh3 21.
Nxh2 1-0

[Event "BL 0607 Hamburger SK - SC Kreuzberg"]
[Site "?"]
[Date "2007.02.04"]
[Round "9.3"]
[White "Luther, Thomas"]
[Black "Ftacnik, Lubomir"]
[Result "1-0"]
[WhiteElo "2594"]
[BlackElo "2580"]
[PlyCount "47"]
[EventDate "2007.??.??"]

1. e4 c5 2. Nf3 d6 3. d4 cxd4 4. Nxd4 Nf6 5. Nc3 a6 6. Bg5 e6 7. f4 Qb6 8. Qd2
Qxb2 9. Rb1 Qa3 10. e5 h6 11. Bh4 dxe5 12. fxe5 Nfd7 13. Ne4 Qxa2 14. Rd1 Qd5
15. Qe3 Qxe5 16. Be2 Bc5 17. Bg3 Bxd4 18. Rxd4 Qa5+ 19. Rd2 O-O 20. Bd6 Nc6 21.
Bxf8 Kxf8 22. O-O Qb6 23. Rxf7+ Kg8 24. Rxg7+ 1-0